000
00332nam a2200133Ia 4500
008
220217s9999||||xx |||||||||||||| ||und||
020
_a
81-7286-372-1
100
_a
D.S.C
245
0
_a
Discrete mathematical structures
250
_a
3rd
260
_a
Prisam books
_b
New Delhi
_c
2007
300
_b
280
650
_a
MATHEMATICS
999
_c
175386
_d
175386